Logo Biblioteca

La galería y otros lugares / (Registro nro. 590)

Detalles MARC
000 -LEADER
fixed length control field 00701nam a22002297a 4500
003 - CONTROL NUMBER IDENTIFIER
control field OSt
005 - DATE AND TIME OF LATEST TRANSACTION
control field 20250922095324.0
008 - FIXED-LENGTH DATA ELEMENTS--GENERAL INFORMATION
fixed length control field 250922t2023 ag ||||r|||| 00| p spa d
020 ## - INTERNATIONAL STANDARD BOOK NUMBER
International Standard Book Number 978-987-8429-31-1
040 ## - CATALOGING SOURCE
Transcribing agency Besoc
080 ## - UNIVERSAL DECIMAL CLASSIFICATION NUMBER
Authority record control number or standard number 82-1(82)
100 1# - MAIN ENTRY--PERSONAL NAME
Personal name Chaparro, Sergio.
Relator term autor
245 13 - TITLE STATEMENT
Title La galería y otros lugares /
Statement of responsibility, etc. Sergio Chaparro.
250 ## - EDITION STATEMENT
Edition statement 1a ed.
260 ## - PUBLICATION, DISTRIBUTION, ETC.
Place of publication, distribution, etc. Rosario :
Name of publisher, distributor, etc. Editorial Municipal de Rosario,
Date of publication, distribution, etc. 2023.
300 #3 - PHYSICAL DESCRIPTION
Extent 32 p. ;
Dimensions 21 cm.
490 0# - SERIES STATEMENT
Series statement Poesía ;
Volume/sequential designation 43
500 ## - GENERAL NOTE
General note "La galería y otros lugares" fue finalista del Concurso Municipal de Poesía Felipe Aldana 2023.
650 #4 - SUBJECT ADDED ENTRY--TOPICAL TERM
Topical term or geographic name entry element Literatura
Geographic subdivision Argentina
Chronological subdivision Siglo XXI
655 #4 - INDEX TERM--GENRE/FORM
Genre/form data or focus term Poesía
942 ## - ADDED ENTRY ELEMENTS (KOHA)
Source of classification or shelving scheme Universal Decimal Classification
Koha item type Libro de préstamo a domicilio
Suppress in OPAC No
Existencias
Withdrawn status Lost status Source of classification or shelving scheme Damaged status Not for loan Collection Home library Current library Date acquired Source of acquisition Total checkouts Full call number Barcode Date last seen Price effective from Koha item type
    Universal Decimal Classification     Colección General Biblioteca Escuela de Ciencias Sociales Biblioteca Escuela de Ciencias Sociales 22/09/2025 Donación 2025 Jornada ESI   82-1(82) C462 001438 22/09/2025 22/09/2025 Libro de préstamo a domicilio
Biblioteca de la Escuela Preuniversitaria en Ciencias Sociales y Humanísticas.
Riobamba 250 bis.
CP 2000 - Rosario - Santa Fe
E-Mail: biblioteca@esociales.unr.edu.ar